Arcane: League of Legends (2021-2024): Characters by Picture - Statistics

General Stats
  • This quiz has been taken 360 times
  • The average score is 21 of 32
Answer Stats
Picture Answer % Correct
Jinx
100%
Vi
100%
Caitlyn Kiramman
97%
Ekko
97%
Jayce Talis
97%
Viktor
97%
Mel Medarda
95%
Silco
94%
Vander
92%
Cecil B. Heimerdinger
88%
Ambessa Medarda
87%
Isha
84%
Sevika
81%
Maddie Nolen
73%
Singed
71%
Cassandra Kiramman
70%
Sky Young
66%
Mylo
65%
Claggor
62%
Marcus
61%
Benzo
60%
Grayson
48%
Felicia
45%
Salo
44%
Lest
40%
Kino Medarda
37%
Loris
37%
Rictus
35%
Steb
30%
Huck
24%
Gert
23%
Gustove Jowler
4%
No matching quizzes found
Score Distribution
Percent of People with Each Score
Percentile by Number Answered
Your Score History
You have not taken this quiz